Loading...

How India votes : a state-by-state look /

Bibliographic Details
Format: Printed Book
Language:English
Published: Hyderabad : Orient Black Swan, 2019
Subjects:
LEADER 00686 a2200169 4500
008 200121b ||||| |||| 00| 0 eng d
999 |c 346207  |d 346207 
020 |a 9789352874613 
082 |a 324.0954 HOW 
245 |a How India votes :  |b a state-by-state look /  |c edited by Ashutosh Kumar and Yatindra Singh Sisodia 
260 |b Orient Black Swan,  |c 2019  |a Hyderabad : 
300 |a xxiv, 443p. ;  |c 22cm. 
650 |a India. Parliament. Lok Sabha 
650 |a India, Northeastern 
650 |a Elections 
942 |2 ddc  |c BK 
952 |0 0  |1 0  |2 ddc  |4 0  |6 324_095400000000000_HOW  |7 3  |9 398568  |a UL  |b UL  |c ST1  |d 2020-10-14  |e 176  |g 1032.30  |l 1  |m 1  |o 324.0954 HOW  |p 101613  |r 2020-10-14  |s 2020-03-17  |v 1395.00  |w 2020-10-14  |y BK